| 000 | 00727nam a2200265Ia 4500 | ||
|---|---|---|---|
| 003 | OSt | ||
| 005 | 20220924122532.0 | ||
| 006 | a|||||r|||| 00| 0 | ||
| 007 | ta | ||
| 008 | 220923b |||||||| |||| 00| 0 urd d | ||
| 020 | _c8.00 | ||
| 024 | _a280414 | ||
| 037 | _cTextual | ||
| 040 |
_aARTS _cARTS _burd |
||
| 041 |
_2urd _aurd |
||
| 082 | _aO168,3NKA,13, K6 | ||
| 100 |
_aKhatoon A.R. Au. _9189813 |
||
| 245 | 0 | _aFakhha | |
| 260 |
_aLuckhnow _bKitabi duniya India _c1966 |
||
| 300 |
_a416p. _ccm. |
||
| 650 |
_aURDU FICTION _93298 |
||
| 700 |
_a Zubaida Khatoon Au. _9189814 |
||
| 942 |
_hO168,3NKA,13, K6 _cTEXL _2CC |
||
| 999 |
_c412017 _d412017 |
||